000 00697nam a2200169Ia 4500
008 090711s9999 xx 000 0 und d
082 _b79294
100 _aवाघोलीकर महेश
245 _aवेश्याव्यवसाय समाज व कायदा (भाग 1)
260 _bमौज प्रकाशन
_c1996
300 _a78
600 _aवाघोलीकर महेश
630 _aवेश्याव्यवसाय समाज व कायदा (भाग 1)
700 _aवाघोलीकर महेश
730 _aवेश्याव्यवसाय समाज व कायदा (भाग 1)
942 _cBOOK
999 _c306918
_d306918